000 00696nam a2200277Ia 4500
005 20260320195724.0
008 008 262003s9999 xx 000 0 hin d
020 _a9788183615174-6
037 _aEBOOK
040 _aCRL
040 _bhin
040 _cCRL
041 _2hin
041 _ahin
084 _qCRL
100 _aदेवकीनंदन खत्री
_91132924
245 0 _aचंद्रकांता सन्तति खण्ड : 6
250 _a3rd
260 _bRajkamal
260 _c2012
300 _a258
856 _uhttps://ebook.indiaread.in/pdfs/9788183615174_6.pdf
942 _cEBOOK
999 _c1716126
_d1716126